|
|
|
|
| LEADER |
00643nta a2200181 i 4500 |
| 001 |
dokt3737 |
| 005 |
20240903112405.0 |
| 008 |
170210s1984 hu om 000 hun d |
| 040 |
|
|
|a SZTE Doktori Repozitórium
|b hun
|
| 041 |
|
|
|a hun
|
| 100 |
1 |
|
|a Bartha Gyula
|
| 245 |
1 |
3 |
|a Az iskola és a közművelődés együttműködése /Egy váci vizsgálat tapasztalatai/
|h [elektronikus dokumentum] /
|c Bartha Gyula
|
| 260 |
|
|
|c 1984
|
| 502 |
|
|
|a Disszertacio
|
| 650 |
|
4 |
|a neveléstudományok
|
| 650 |
|
4 |
|a Oktatástudomány
|
| 700 |
0 |
1 |
|a Ágoston György
|e ths
|
| 856 |
4 |
0 |
|u https://doktori.bibl.u-szeged.hu/id/eprint/3737/1/1984_bartha_gyula.pdf
|z Dokumentum-elérés
|